La construcción del ferrocarril mexicano (1837-1880).

Wedi'i Gadw mewn:
Manylion Llyfryddiaeth
Prif Awdur: Gresham Chapman, John (autor)
Awduron Eraill: Taracena, Berta (autor) (autor), Peláez, Antonio (autor) (autor)
Fformat: Llyfr
Iaith:Sbaeneg
Cyfres:(Sepsetentas ; no. 209)
Pynciau:
Tagiau: Ychwanegu Tag
Dim Tagiau, Byddwch y cyntaf i dagio'r cofnod hwn!

MARC

LEADER 00000cam^a2200000uu^4500
001 000470858
005 20250521000000.0
008 050901s1974^^^^^^^^^^^^rd^r^^000^0^spa^d
009 20260310124611.003
035 |a FCE 000013646 
035 |a FCE 002324 
037 |a Acervo ITESO - Biblioteca 
041 |a spa 
082 0 4 |a 082.1  |b SEP 209 
100 |a Gresham Chapman, John  |e (autor) 
245 1 3 |a La construcción del ferrocarril mexicano (1837-1880). 
264 |a México :  |b SEP,  |c 1974. 
300 |a 197 p. 
336 |a texto  |b txt  |2 rdacontenido 
337 |a sin mediación  |b n  |2 rdamedio 
338 |a volumen  |b nc  |2 rdasoporte 
440 0 |a (Sepsetentas ;  |v no. 209) 
649 |a XX 
650 |a Historia 
650 |a Ferrocarriles 
700 |a Taracena, Berta  |e (autor) 
700 |a Peláez, Antonio  |e (autor) 
910 |a Fondo Centro de Estudios Educativos 
920 |a Impresos - Libros 
930 |a Fondos Especiales 
905 |a 133 
901 |a ALE002324  |b IT2  |c CEE  |u 20250521 
902 |a https://opac.biblio.iteso.mx/vufind/Record/000470858